| 000 | 00675cab a2200229 4500 | ||
|---|---|---|---|
| 001 | WB3215-08 | ||
| 008 | 090401t1996 xxu||||| |||| 00| 0 eng d | ||
| 035 | _a(Sirsi) u69629 | ||
| 041 | _aeng | ||
| 245 | _aRush to rebuild Bosnia | ||
| 260 | _c1996 | ||
| 350 | _a0 | ||
| 490 |
_aTimes _v15 April 1996, 44(1) |
||
| 520 | _aSeveral British companies are hoping to be awarded contracts for the reconstruction of Bosnia. Up to £8bn will be spent on rebuilding the war-damaged country. | ||
| 650 | _aBOSNIA | ||
| 650 | _aEASTERN EUROPE | ||
| 650 | _aRECONSTRUCTION | ||
| 690 | _aBUILT ENVIRONMENT | ||
| 690 | _aOVERSEAS-EUROPE | ||
| 942 | _n0 | ||
| 948 | _c04/03/1997 | ||
| 999 |
_c43745 _d43745 |
||